Normale Ansicht MARC-Ansicht ISBD

Kursom k pobede (Titelsatznr. 1416)

[ MARC ]
MARC-Details
000 -Satzkennung
Kontrollfeld mit fester Länge 00366nam a22001691c 4500
001 - Kontrollnummer
Kontrollfeld a00819
008 - Feld mit fester Länge zur physischen Beschreibung - Allgemeine Angaben
Kontrollfeld mit fester Länge 051003s1987 gw |||| 000u rus d
041 ## - Sprachcode
Sprachcode des Textes/der Tonspur oder des separaten Titels rus
040 ## - Katalogisierungsquelle
Übertragungsstelle RU-10907106
003 - Kontrollnummer Identifier
Kontrollfeld RU-10907106
100 1# - Haupteintragung - Personenname
Personenname Kuznecov, Nikolaj G.
245 00 - Titel
Titel Kursom k pobede
264 ## - Produktion, Veröffentlichung, Distribution, Herstellung und Urheberrechtsvermerk
Herstellungs-, Veröffentlichungs- Vertriebs-, Erzeugungsort Moskva,
Datum der Herstellung, der Veröffentlichung, des Vertriebs oder des Urheberschutzvermerks 1987
650 #0 - Nebeneintragung unter einem Schlagwort - Sachschlagwort
Sachschlagwort oder geografischer Name als Eintragungselement Marine
651 #0 - Nebeneintragung unter einem Schlagwort - Geografischer Name
Geografischer Name Sowjetunion
942 ## - Zusätzliche Felder (Koha)
Koha-Medientyp Monographien
Exemplare
Ausgeschieden Verloren Klassifikation oder Aufstellungssystematik Beschädigt Nicht entleihbar Heimatbibliothek Aufenthaltsbibliothek Aufstellungsort Erwerbungsdatum Inventarnummer Signatur Barcode Letzte Aktivität Preis gültig von Koha-Medientyp
    Andere/Generische Klassifikation     MWN Osteuropa MWN Osteuropa Magazin - 2 03/10/2005 05-00711 R 63 re Kuz E00401506CBE13EE 23/02/2021 22/03/2021 Monographien